Hodnotenie rizika akcií a tvorba optimálneho portfólia diplomová práca

Guardado en:
Detalles Bibliográficos
Autor principal: Polakovič, Branislav
Autor Corporativo: Národohospodárska fakulta EU. Katedra financií
Otros Autores: Alexy, Martin, 1976-
Formato: Libro
Lenguaje:eslovaco
Publicado: Bratislava 2014
Etiquetas: Agregar Etiqueta
Sin Etiquetas, Sea el primero en etiquetar este registro!

MARC

LEADER 00000nbm a2200000 4500
001 0187551
005 20170201090136.3
041 0 |a slo 
044 |a SK 
245 1 0 |a Hodnotenie rizika akcií a tvorba optimálneho portfólia  |b diplomová práca  |c Branislav Polakovič ; školiteľ: Martin Alexy 
264 1 |a Bratislava  |c 2014 
300 |a 69 s. 
100 1 |a Polakovič, Branislav 
700 1 |a Alexy, Martin, 1976- 
710 2 |a Národohospodárska fakulta EU. Katedra financií